Guess The Kpop Group By A Picture Of One Member - Statistics

General Stats
  • This quiz has been taken 454 times
  • The average score is 13 of 16
Answer Stats
Picture Answer % Correct
Twice
97%
BTS
96%
Straykids
93%
TXT
93%
Itzy
92%
Enhypen
91%
Ateez
90%
Aespa
88%
IVE
87%
Lesserafim
87%
New Jeans
85%
P1harmony
79%
Seventeen
78%
Astro
73%
Blackpink
64%
WayV
38%
No matching quizzes found
Score Distribution
Percent of People with Each Score
Percentile by Number Answered
Your Score History
You have not taken this quiz